Políticas de industrialización y cambio estructural: un proceso desarticulado /
Salvato in:
| Autore principale: | |
|---|---|
| Natura: | testo |
| Soggetti: | |
| Tags: |
Aggiungi Tag
Nessun Tag, puoi essere il primo ad aggiungerne!!
|
MARC
| LEADER | 00000 a a2200000 04500 | ||
|---|---|---|---|
| 001 | 45917 | ||
| 003 | |||
| 040 | |||
| 090 | |a REV0657 (79) 1995 | ||
| 100 | |a Ortíz, Etelberto | ||
| 245 | |a Políticas de industrialización y cambio estructural: |b un proceso desarticulado / |c Etelberto Ortíz | ||
| 650 | |a POLITICA | ||
| 650 | |a INDUSTRIALIZACION | ||
| 650 | |a MEXICO | ||
| 773 | |g número79 (1995), páginas 2-6 | ||
| 999 | |c 37983 |d 37983 | ||
